000 01249nam a22003137a 4500
001 T0000006
003 KOHA_MİRAKIL
005 20260207004503.0
007 ta
008 190402b2011 xx |||grm|||#0|||0|tur |
040 _aTR-BiSEU
_btur
_cTR-BiSEU
_erda
041 0 _atur
050 0 0 _aTez
_b6
100 1 _aBudak, Gamze Sancar.
245 1 _aTüketici finansmanında kredi kartlarının rasyonel kullanımı: Bilecik ili örneği/
_cGamze Sancar Budak ; Gamze Sancar Budak; danışman Hüseyn Yılmaz; ortak danışman Bülent Başaran.
264 1 _aBilecik :
_bBilecik Üniversitesi
_c2011
300 _aX, 145 sayfa: tablo; 30 cm.+1 CD-ROM
336 _ametin
_btxt
_2rdacontent
337 _aaracısız
_bn
_2rdamedia
338 _acilt
_bnc
_2rdacarrier
500 _aRef. No: 400507
500 _aKaynakça var.
500 _aİngilizce Eser Adı: The rational usage of credit cards in consumer finance : a sample of Bilecik city
502 _aTez (Yüksek Lisans) -- Bilecik Üniversitesi Sosyal Bilimler Enstitüsü İşletme Anabilim Dalı, Bilecik, .
650 0 _aKredi kartları--Tüketici bilinci.
_9118786
650 0 _aCredit card--Consumer awareness.
_9118787
856 4 0 _uhttp://acikkaynak.bilecik.edu.tr/xmlui/handle/11552/70
907 _aYüksek Lisans
942 _2lcc
_cTS
999 _c64557
_d64557